00653nam a2200193 a 450000100100000000500170001000800410002704000250006808200160009311000320010924000170014124500560015825000160021426000690023030000200029904900090031995201140032899900170044200003269720200930065801.0100222s1909 dr 001 0 spa d aDO-SdBNPbspacBNPHU axxxxbR426l1 aRepública Dominicana944713a[Leyes etc.]10aLey de Registro de marcas de fabrica y de comercio. aed. Oficial aSanto Domingo :bImp. y Librería de J. R. Vda García,c1909. a11 p. ;c27 cm. aBNPD 0010718PDaPDbPDcCTd2011-07-25iLF1l0oxxxx R426lp32697-10r2020-06-25w2020-06-25yLFPDZNo se presta c32188d32188